000 00790nam a22002415a 4500
003 OSt
005 20170208131652.0
008 170116s2010 ua frb 000 0 ara d
015 _a2010 / 17818
020 _a9789770465384
040 _aEG-ScBUE
_bara
_cEG-ScBUE
_dEG-ScBUE
043 _af-ua---
082 0 4 _a345.62
_bس ا ل
_222
100 1 _aسالم، عمر.
245 1 0 _aشرح قانون العقوبات.
_pالقسم العام /
_cعمر سالم.
_b
260 _aالقاهرة :
_bدار النهضه العربية،
_c2010.
300 _a938 ص. ؛
_c24 سم.
504 _aيشتمل على إرجاعات ببليوجرافية.
650 7 _aقانون العقوبات
_zمصر.
_2BUEsh
_941137
651 _2BUEsh
653 _bLLAAWW
_cFebruary2017
942 _2ddc
999 _c24095
_d24067